• 首页
  • 本馆介绍
  • 公告通知
  • 最新文献
  • 馆藏检索
  • 电子资源
  • 读者导购
  • 参考咨询
  • 我的图书馆
  • 登录
  • 详细信息显示
  • 放入我的书架
  • 预约/预借图书
  • 作者相关作品
  • 分类相关作品
  • 丛书相关作品
  • 出版社相关作品

书目信息

  • 表格格式
  • 工作单格式
  • 卡片格式
题名:
水性建筑涂料生产技术
    
 
作者: 陈泽森 编著
分册:  
出版信息: 北京   中国纺织出版社  2010.11
页数: 301页
开本: 25cm
丛书名: 涂料与涂装实用技术丛书
单 册:
中图分类: TQ637
科图分类:
主题词: 水性漆--建筑漆--生产工艺 , 水性漆 , 建筑漆
电子资源:
ISBN: 978-7-5064-6863-3
000 00957nam0 22002891 45
001 515
005 20120604093753.85
010    @a978-7-5064-6863-3@dCNY38.00
100    @a20120328d2010 em y0chiy50 ea
101 0  @achi
102    @aCN@b110000
105    @aa z 000yy
106    @ar
200 1  @a水性建筑涂料生产技术@AShui Xing Jian Zhu Tu Liao Sheng Chan Ji Shu@f陈泽森编著@FChen Ze Sen Bian Zhu
205    @a2版
210    @a北京@c中国纺织出版社@d2010.11
215    @a301页@c图@d25cm
225 2  @a涂料与涂装实用技术丛书
330    @a本书从介绍涂料的基础知识入手,对涂料基本原材料、涂料助剂、涂料常用颜料等的选用、配方、生产工艺、技术性能、特点、作用等做了详尽的阐述。
461  0 @12001 @a涂料与涂装实用技术丛书
606 0  @a水性漆@x建筑漆@x生产工艺
606 0  @a水性漆
606 0  @a建筑漆
690    @aTQ637@v4
701  0 @a陈泽森@AChen Ze Sen@f(1937~)@4编著
801  0 @aCN@bTSTCL@c20120328
905    @b0813370-76@dTQ637@e34=2@f7
    
    水性建筑涂料生产技术/陈泽森编著.-2版.-北京:中国纺织出版社,2010.11
    301页:图;25cm.-(涂料与涂装实用技术丛书)
    
    
    ISBN 978-7-5064-6863-3:CNY38.00
    本书从介绍涂料的基础知识入手,对涂料基本原材料、涂料助剂、涂料常用颜料等的选用、配方、生产工艺、技术性能、特点、作用等做了详尽的阐述。
●
相关链接 在E读中查询图书 在五车中查询图书 在当当中查询图书 在豆瓣中查询图书


正题名:水性建筑涂料生产技术     索取号:TQ637/34=2         预约/预借

序号 登录号 条形码 馆藏地/架位号 状态 备注
1 0813370   208133704   第二样本阅览室/ [索取号:TQ637/34=2] 在馆    
2 0813371   208133713   第三借阅区/ [索取号:TQ637/34=2] 在馆    
3 0813372   208133722   第三借阅区/ [索取号:TQ637/34=2] 在馆    
4 0813373   208133731   第三借阅区/ [索取号:TQ637/34=2] 在馆    
5 0813374   208133740   第三借阅区/ [索取号:TQ637/34=2] 在馆    
6 0813375   208133759   第三借阅区/ [索取号:TQ637/34=2] 在馆    
7 0813376   208133768   第三借阅区/ [索取号:TQ637/34=2] 在馆    
唐山师范学院图书馆 欢迎您!
大连网信软件有限公司© 版权所有